[Event "Rowy Seniors op 7th"]
[Site "Rowy"]
[Date "2003.09.01"]
[Round "2"]
[White "Spychalska, Bozena"]
[Black "Komidzierski, Eugeniusz"]
[Result "0-1"]
[WhiteElo "1600"]
[BlackElo "2003"]
[PlyCount "43"]
[EventDate "2003.08.??"]
[EventType "swiss"]
[EventRounds "9"]
[EventCountry "POL"]
[SourceTitle "EXT 2006"]
[Source "ChessBase"]
[SourceDate "2005.11.24"]
[SourceVersion "1"]
[SourceVersionDate "2005.11.24"]
[SourceQuality "1"]

1. e4 c6 2. d4 d5 3. e5 Bf5 4. h3 e6 5. Nf3 c5 6. c3 Nc6 7. Bb5 a6 8. Bxc6+ bxc6 9. 0-0 c4 10. b3 Rb8 11. Bf4 cxb3 12. axb3 Qb6 13. Nbd2 c5 14. Re1 cxd4 15. cxd4 Bb4 16. Be3 Ne7 17. Qc1 0-0 18. Qb2 Rfc8 19. Rec1 Rxc1+ 20. Rxc1 h6 21. Nb1 Nc6 22. Nbd2 0-1